Házená pro trenéry 4. třídy /

Hlavní autor: Tesařík, Jiří
Korporativní autor: Československý svaz tělesné výchovy
Jazyk: Čeština
Vydáno: Praha : Olympia, 1973
Edice: Učební texty (Olympia)
Fyzický popis: 71 s. ; 8°
Knihy
Uloženo v:
LEADER 00882nam a22002772a 4500
001 001264781
003 CZ BrMZK
005 20121113131135.0
007 ta
008 121113s1973 xr er 000 0 cze d
015 |a cnb000461824 
035 |a (OCoLC)42113702 
040 |a ABA001  |b cze  |c OLA001  |d ABA001  |d BOA001 
080 9 |a 796.322.091.2(024) 
100 1 |a Tesařík, Jiří  |7 jx20040809027  |4 aut 
245 1 0 |a Házená pro trenéry 4. třídy /  |c Jiří Tesařík 
260 |a Praha :  |b Olympia,  |c 1973 
300 |a 71 s. ;  |c 8° 
490 1 |a Učební texty 
550 |a Vydavatel: ČSTV 
710 2 |a Československý svaz tělesné výchovy  |7 ko2002101940 
830 0 |a Učební texty (Olympia)  |0 s 
910 |a BOA001  |b 2-0711.073 
990 |a BK 
991 |b 201211 
996 7 |b 2619657453  |c 2-0711.073  |l Sklad H1  |r Sklad / do 24 hodin  |n 0  |h HS212  |w 001298870  |u 000010  |a 1  |e BOA001  |j MZK50  |s A